Financial accounting : a managerial perspective (Record no. 203369)

MARC details
000 -LEADER
fixed length control field 00388nam a2200157Ia 4500
008 - FIXED-LENGTH DATA ELEMENTS--GENERAL INFORMATION
fixed length control field 231221s9999 xx 000 0 und d
020 ## - INTERNATIONAL STANDARD BOOK NUMBER
International Standard Book Number 81-203-2795-0
041 ## - LANGUAGE CODE
Language code of text/sound track or separate title English
100 ## - MAIN ENTRY--PERSONAL NAME
Personal name Narayanaswamy, R
245 #0 - TITLE STATEMENT
Title Financial accounting : a managerial perspective
250 ## - EDITION STATEMENT
Edition statement 2nd ed.
260 ## - PUBLICATION, DISTRIBUTION, ETC.
Date of publication, distribution, etc. 2005
Name of publisher, distributor, etc. PHI
Place of publication, distribution, etc. New Delhi
300 ## - PHYSICAL DESCRIPTION
Extent xiii+663
300 ## - PHYSICAL DESCRIPTION
Dimensions 40147
942 ## - ADDED ENTRY ELEMENTS (KOHA)
Koha item type Compact Disks
Holdings
Date last seen Total checkouts Accession number Price effective from Category Lost status Damaged status Department Withdrawn status Home library Current library Shelving location Entry date Vendor Grants Billnumber Billdate Currency symbol Conversion rate Discount Old discount Full call number
26/01/2024   CD2465 26/01/2024 Compact Disks     MBA   Central Library Central Library MBA   Sri Lakshmi MBA 321 23/11/2009 RS 1   20  
26/01/2024   CD2969 26/01/2024 Compact Disks     Central Library   Central Library Central Library MBA   Sri Lakshmi MBA 122 02/12/2009 RS 1   20 658.1511 NAR;
26/01/2024   CD2970 26/01/2024 Compact Disks     Central Library   Central Library Central Library MBA   Sri Lakshmi MBA 122 02/12/2009 RS 1   20 658.1511 NAR;
26/01/2024   CD2971 26/01/2024 Compact Disks     Central Library   Central Library Central Library MBA   Sri Lakshmi MBA 122 02/12/2009 RS 1   20 658.1511 NAR;
26/01/2024   CD2972 26/01/2024 Compact Disks     Central Library   Central Library Central Library MBA   Sri Lakshmi MBA 122 02/12/2009 RS 1   20 658.1511 NAR;
26/01/2024   CD2973 26/01/2024 Compact Disks     Central Library   Central Library Central Library MBA   Sri Lakshmi MBA 122 02/12/2009 RS 1   20 658.1511 NAR;

© For any Suggestions or Query, please contact the library staff @ librarian@pes.edu or Phone: +9180 2672 1983/ 2108.